| 000 | 00997nam0a22002531 4500 | ||
|---|---|---|---|
| 001 | rc\3217311 | ||
| 005 | 20260407133939.0 | ||
| 021 |
_aRU _bРг12410-73 |
||
| 021 |
_aRU _b73-ОЭ-3259/1 |
||
| 035 | _a(NLR Aleph) 007362503 | ||
| 090 |
_a6322158 _c6322158 |
||
| 100 | _a20130115d1973 |||y0rusy50 ca | ||
| 101 | 0 | _arus | |
| 102 | _aRU | ||
| 105 | _ay z ||||| | ||
| 200 | 1 |
_aОрганизация подготовки и повышения квалификации рабочих кадров на предприятиях дороги _eИнструкт.-метод. письмо _fМ-во пут. сообщ. СССР. Упр. Юж.-Уральск. ж. д. Отд. учеб. заведений |
|
| 210 |
_aЧелябинск _cБ. и. _d1973 |
||
| 215 |
_a20 с. _d20 |
||
| 710 | 0 | 2 |
_aЮжно-Уральская железная дорога _3RU\NLR\AUTH\8810000413 _9497988 |
| 801 | 0 |
_aRU _bNLR _gpsbo |
|
| 801 | 1 |
_aRU _bELAR _2rusmarc |
|
| 852 |
_aNLR _j73-4/23973 |
||
| 942 | _cBOOK | ||
| 980 | _aNB | ||